00346nam a2200133Ia 450000500170000000800410001702000150005808200150007310000150008824500250010326000400012830000130016850000310018120250528012610.0240331s9999 xx 000 0 und d a9559570706 a302.2bWER aWergama, G 0aDashakayaka cinemava aColombobS. Godage & Brothersc1994 a143 p ., aA decade of cinema ( 1980)